| 000 | 00482nam a22001697a 4500 | ||
|---|---|---|---|
| 003 | NUST - PNEC | ||
| 005 | 20170116181115.0 | ||
| 008 | 151004b xxu||||| |||| 00| 0 eng d | ||
| 020 | _a0074631772 | ||
| 040 | _cLIBRARY | ||
| 082 | _a671.73 RAJ | ||
| 100 |
_913181 _aRajagopal, C |
||
| 245 |
_aConversion coatings : A reference for phosphating, chromating, and anodizing processes _cC Rajagopal |
||
| 260 | _cc.2000 | ||
| 650 |
_913183 _aMetals--Finishing _xME |
||
| 942 |
_2ddc _cBK |
||
| 999 |
_c69311 _d69311 |
||